Focus on grammar : A high-intermediate course for reference and practice

Bibliographic Details
Main Author: FUCHS 1949-
Other Authors: Bonner
Format: Book
Published: England : Longman , 1995
Subjects:

MARC

LEADER 00000cam a2200000 7i4500
001 0000000297
005 20000728.0
020 0 0 |a 0201656892 
090 0 0 |a 428.24   |b FUC 1995 
100 1 0 |a FUCHS   |h Marjorie   |c 1949- 
245 1 0 |a Focus on grammar :   |b A high-intermediate course for reference and practice   |c Marjorie Fuchs and Margaret Bonner 
260 0 0 |a England :   |b Longman ,   |c 1995 
300 |a xv, 356 p. :   |b ill. ;   |c 28 cm. 
500 0 0 |a Includes index 
650 0 0 |a English language   |x Grammar   |x Problems, exercises, etc. 
650 0 0 |a English language   |x Textbooks for foreign speakers 
700 0 1 |a Bonner   |h Margaret 
999 |a 0000001410   |b Monograph   |c Open Shelf   |e Default branch